Stephen Covey
| Main Author: | |
|---|---|
| Corporate Author: | |
| Format: | Book |
| Published: |
London :
Dorling Kindersley : 2001
|
| Subjects: |
MARC
| LEADER | 00000cam a2200000 7i4500 | ||
|---|---|---|---|
| 001 | 0000012429 | ||
| 005 | 20071217.0 | ||
| 008 | 071217 | ||
| 020 | |a 0751312789 | ||
| 090 | 0 | 0 | |a 158 |b HEL |
| 100 | 1 | |a Heller, Robert | |
| 245 | 1 | 0 | |a Stephen Covey |c Robert Heller |
| 260 | |a London : |b Dorling Kindersley : |b 2001 | ||
| 650 | 0 | |a Character | |
| 650 | 0 | |a English fiction | |
| 650 | 0 | |a Success |x Psychological aspects | |
| 710 | 0 | |a Title | |
| 999 | |a 0001003807 |b Book |c Adult Collection |e Perbadanan Perpustakaan Awam Johor | ||